Anécdotas de la Guerra del Pacífico
Сохранить в:
| Главные авторы: | , |
|---|---|
| Формат: | |
| Язык: | испанский |
| Опубликовано: |
Santiago
Centro de Estudios Bicentenario: Universidad Gabriela Mistral
2006
|
| Предметы: | |
| Метки: |
Добавить метку
Нет меток, Требуется 1-ая метка записи!
|
MARC
| LEADER | 00000nam a2200000 a 4500 | ||
|---|---|---|---|
| 001 | UCI0948 | ||
| 003 | CL-VaPUC | ||
| 008 | 070608e20060000CL |||||||||||||||||spa|d | ||
| 020 | |a 9568147357 | ||
| 082 | 0 | 4 | |a 983.0616 |b LAR |2 21 |
| 100 | |a Larraín Mira, Paz |e author |9 538471 | ||
| 700 | 0 | |a Soto, Angel |e author |9 521171 | |
| 245 | 1 | 0 | |a Anécdotas de la Guerra del Pacífico |
| 300 | |a 144 p | ||
| 942 | |c BK | ||
| 945 | |d 20070608 00:00:00 |a jtorresc | ||
| 260 | |a Santiago |b Centro de Estudios Bicentenario: Universidad Gabriela Mistral |c 2006 | ||
| 650 | 7 | |a HISTORIA DE CHILE 1879-1883 |2 CL-VaPUC |9 443689 | |
| 650 | 0 | |a Guerra del Pacífico |9 314886 | |
| 650 | 0 | |a Anécdotas |9 313436 | |
| 650 | 0 | |a Fuentes Históricas |9 265141 | |
| 650 | 0 | |a Historia |9 255047 | |
| 583 | |a last modification |c 20140406 05:37:10 |k Rodrigo Vera | ||
| 999 | |c 325899 |d 325897 | ||
| 952 | |0 0 |1 0 |4 0 |6 983_061600000000000_LAR_2006 |7 0 |8 A |9 407386 |a BIBHIS |b BIBHIS |d 2019-11-22 |i 434605K |l 1 |o 983.0616 LAR 2006 |p 434605K |r 2025-01-20 |s 2020-12-03 |w 2019-11-22 |y BK |k HIS | ||
| 952 | |0 0 |1 0 |4 0 |6 983_061600000000000_LAR_2006 |7 0 |8 A |9 407387 |a BIBHIS |b BIBHIS |d 2019-11-22 |i 461285K |o 983.0616 LAR 2006 |p 461285K |r 2025-01-20 |w 2019-11-22 |y BK |k HIS | ||